Central Library OPAC University of Rajshahi

The prince of destiny: (Record no. 82632)

MARC details
000 -LEADER
fixed length control field 00582cam a2200205u 4500
001 - CONTROL NUMBER
control field 82632
003 - CONTROL NUMBER IDENTIFIER
rucl marc code BD-RjUL
005 - DATE AND TIME OF LATEST TRANSACTION
control field 20240116111015.0
008 - FIXED-LENGTH DATA ELEMENTS--GENERAL INFORMATION
fixed length control field 230116s1910 enkae 000 0 eng
035 ## - SYSTEM CONTROL NUMBER
System control number (BD-RjUL)82632
040 ## - CATALOGING SOURCE
Original cataloging agency DLC
Transcribing agency CarP
Modifying agency DLC
Language of cataloging eng
041 ## - LANGUAGE CODE
Language code of text/sound track or separate title eng
082 ## - DEWEY DECIMAL CLASSIFICATION NUMBER
Edition number 23
Classification number 823
Author mark and year GHP 1910
100 1# - MAIN ENTRY--PERSONAL NAME
Personal name Ghosh, Sarath Kumar,
Dates associated with a name 1883-1920.
9 (RLIN) 10857
245 14 - TITLE STATEMENT
Title The prince of destiny:
Remainder of title the new krishna /,
Statement of responsibility, etc. Sarath Kumar Ghosh
250 ## - EDITION STATEMENT
Edition statement Colonial Edition
260 ## - PUBLICATION, DISTRIBUTION, ETC. (IMPRINT)
Place of publication, distribution, etc. London:
Name of publisher, distributor, etc. Rebman limited,
Date of publication, distribution, etc. 1910.
300 ## - PHYSICAL DESCRIPTION
Pagination 630 p.
Illustrations illus. (plan)
Size 19 cm.
942 ## - ADDED ENTRY ELEMENTS (KOHA)
Source of classification or shelving scheme Dewey Decimal Classification
Koha item type Books
Holdings
Lost status Source of classification or shelving scheme Damaged status Not for loan Collection code Permanent Location Current Location Shelving location Date acquired Total Checkouts Full call number Date last seen Copy number Koha item type
  Dewey Decimal Classification   Not For Loan Fiction Central Library, University of Rajshahi Central Library, University of Rajshahi Reading Room 16/01/2024   823 GHP 1910 16/01/2024 C-1 Books